00267nam a2200109 a 4500008004100000050002000041100001800061245002400079260003100103300001400134350000900148120416s1974 ||||||||||||||||| || u aPR 6063.A656C63 aAcland, Alice14aThe Corsican ladies aLondonbPeter Daviesc1974 avi, 184p. a0.00